[Event "Xtracon Chess Open 2017"]
[Site "Helsingor DEN"]
[Date "2017.07.26"]
[Round "6.11"]
[White "Sokolov, Ivan"]
[Black "Aabling-Thomsen, Jakob"]
[Result "1-0"]
[WhiteTitle "GM"]
[BlackTitle "IM"]
[WhiteElo "2626"]
[BlackElo "2391"]
[WhiteFideId "14400030"]
[BlackFideId "1407589"]
[EventDate "2017.07.22"]

1. d4 g6 2. e4 Bg7 3. c3 d6 4. Nf3 Nf6 5. Bd3 O-O 6. O-O Nc6 7. h3 e5 8. Re1 h6
9. Na3 Bd7 10. Nc2 Re8 11. Bd2 Nh5 12. b4 a6 13. a4 Qf6 14. Ra3 Nf4 15. Bf1 Rad8
16. b5 axb5 17. axb5 Ne7 18. c4 g5 19. dxe5 dxe5 20. Bxf4 gxf4 21. Rd3 Qe6 22.
b6 Qc6 23. Nb4 Qa4 24. Qd2 c5 25. Na2 Ng6 26. Nc3 Qc6 27. Rd1 Nf8 28. Rd6 Qc8
29. Nd5 Ne6 30. Nc7 Nd4 31. Nxd4 exd4 32. Nxe8 Rxe8 33. Bd3 f3 34. Rxh6 Bxh6 35.
Qxh6 Re6 36. Qf4 Rg6 37. g3 Bxh3 38. e5 Rg7 39. Ra1 Kf8 40. Qxf3 Bg4 41. Qf6 Be6
42. Ra7 Rg4 43. Qf3 Qb8 44. Qf6 Kg8 45. Kg2 Bd7 46. f3 Bc6 47. Kf2 Rg7 48. Ra1
Qe8 49. g4 1-0

[Event "Xtracon Chess Open 2017"]
[Site "Helsingor DEN"]
[Date "2017.07.26"]
[Round "6.12"]
[White "Hoi, Carsten"]
[Black "Andersen, Mads"]
[Result "0-1"]
[WhiteTitle "GM"]
[BlackTitle "GM"]
[WhiteElo "2356"]
[BlackElo "2586"]
[WhiteFideId "1400100"]
[BlackFideId "1413864"]
[EventDate "2017.07.22"]

1. d4 Nf6 2. Nc3 d5 3. Bg5 Nbd7 4. Nf3 e6 5. e4 h6 6. Bxf6 Nxf6 7. exd5 exd5 8.
Ne5 Bd6 9. f4 O-O 10. Qf3 c5 11. O-O-O cxd4 12. Rxd4 Qb6 13. Qd1 Be6 14. Bc4
Rad8 15. Bb3 Qa5 16. Ra4 Qc5 17. Re1 Bc7 18. Nd3 Qc6 19. Ne5 Qc5 20. Nd3 Qc6 21.
Ne5 Qb6 22. Rd4 Qc5 23. Re3 Bb6 24. Red3 Bf5 25. Rd2 Qc7 26. g4 Bxd4 27. Rxd4
Be6 28. h4 Qe7 29. g5 Nd7 30. Nxd7 Rxd7 31. f5 Bxf5 32. Nxd5 Qe5 33. gxh6 gxh6
34. c4 Kg7 35. Rg4+ Kh8 36. Qd2 Rd6 37. Rg1 Qe4 38. Qc3+ f6 39. Kd2 Qxh4 40. Qe3
Re6 41. Qxa7 Qh3 42. Qd4 Qh2+ 43. Kc3 Qe5 44. Rh1 Kg7 45. Rg1+ Kh7 46. Rf1 Qxd4+
47. Kxd4 Bg6 48. c5 Re4+ 49. Kc3 f5 50. Bc4 f4 51. b4 f3 52. b5 f2 53. c6 bxc6
54. bxc6 Rf3+ 0-1

[Event "Xtracon Chess Open 2017"]
[Site "Helsingor DEN"]
[Date "2017.07.26"]
[Round "6.14"]
[White "Grigoriants, Sergey"]
[Black "Haldorsen, Benjamin"]
[Result "1/2-1/2"]
[WhiteTitle "GM"]
[BlackTitle "FM"]
[WhiteElo "2566"]
[BlackElo "2370"]
[WhiteFideId "4130804"]
[BlackFideId "1512633"]
[EventDate "2017.07.22"]

1. Nf3 d5 2. g3 Nf6 3. Bg2 e6 4. O-O Be7 5. d4 O-O 6. c4 dxc4 7. Qc2 a6 8. Qxc4
b5 9. Qc2 Bb7 10. Bd2 Nbd7 11. Ba5 Rc8 12. Nbd2 Qe8 13. b4 Nb8 14. a3 Nc6 15.
Nb3 Bd6 16. Rfe1 Nxa5 17. Nxa5 Be4 18. Qb2 Nd5 19. Rac1 Nb6 20. Nd2 Bxg2 21.
Kxg2 e5 22. e4 Na4 23. Qa1 c6 24. Nf3 exd4 25. Qxd4 Bc7 26. Nxc6 Bxg3 27. hxg3
Rxc6 28. Ne5 Rxc1 29. Rxc1 Qd8 30. Nd7 Re8 31. Rc6 a5 32. Rd6 Qc7 33. Rd5 axb4
34. axb4 Qc3 35. e5 Qc6 36. Kh2 Qh6+ 37. Kg2 Qc6 38. Kh2 Qh6+ 39. Kg1 Qc1+ 40.
Kh2 Qh6+ 1/2-1/2

[Event "Xtracon Chess Open 2017"]
[Site "Helsingor DEN"]
[Date "2017.07.26"]
[Round "6.15"]
[White "Hjartarson, Johann"]
[Black "Pantzar, Milton"]
[Result "1-0"]
[WhiteTitle "GM"]
[BlackTitle "FM"]
[WhiteElo "2541"]
[BlackElo "2313"]
[WhiteFideId "2300044"]
[BlackFideId "1721003"]
[EventDate "2017.07.22"]

1. d4 Nf6 2. c4 e6 3. Nf3 d5 4. Nc3 Bb4 5. Qa4+ Nc6 6. Bg5 h6 7. Bxf6 Qxf6 8. e3
O-O 9. Rc1 Rd8 10. cxd5 exd5 11. a3 Bf8 12. Be2 a6 13. O-O Ne7 14. Rfd1 c6 15.
b4 Bf5 16. Qb3 g5 17. Na4 Nc8 18. Nc5 Nd6 19. Ne5 Qe7 20. a4 Bg7 21. Nf3 b5 22.
Ra1 g4 23. Ne1 Re8 24. Ra2 Nc4 25. g3 h5 26. Ng2 Bh6 27. Rda1 Qf8 28. Nh4 Bh7
29. axb5 axb5 30. Nd7 Rxa2 31. Nf6+ Kh8 32. Rxa2 Ra8 33. Nxh5 Rxa2 34. Qxa2 Qxb4
35. Qa8+ Bf8 36. Bxg4 Bd3 37. Kg2 Nd2 38. Bf5 Bf1+ 39. Kg1 Be2 40. Nf4 Nf3+ 41.
Kg2 Nxh4+ 42. gxh4 Bc4 43. Qxc6 Qd6 44. Qc8 b4 45. Bb1 Qh6 46. Qf5 Bd6 47. Nxd5
Qxh4 48. h3 Bxd5+ 49. Qxd5 Qf6 50. Qh5+ Kg7 51. Ba2 Kf8 52. f4 Ke7 53. Qg5 1-0

[Event "Xtracon Chess Open 2017"]
[Site "Helsingor DEN"]
[Date "2017.07.26"]
[Round "6.16"]
[White "Rietze, Clemens"]
[Black "Rasmussen, Allan Stig"]
[Result "0-1"]
[WhiteTitle "FM"]
[BlackTitle "GM"]
[WhiteElo "2343"]
[BlackElo "2540"]
[WhiteFideId "24620351"]
[BlackFideId "1406000"]
[EventDate "2017.07.22"]

1. d4 Nf6 2. c4 e6 3. Nc3 Bb4 4. e3 O-O 5. Ne2 Re8 6. a3 Bf8 7. Nf4 d6 8. Be2 e5
9. Nfd5 Nfd7 10. Nb4 c6 11. O-O e4 12. Nc2 Qh4 13. f4 exf3 14. gxf3 f5 15. Qe1
Qh5 16. Bd2 Nf6 17. Qg3 f4 18. exf4 Qf7 19. Bd3 Nh5 20. Qf2 Nxf4 21. Bxf4 Qxf4
22. Rfe1 Rxe1+ 23. Rxe1 Nd7 24. Qg3 Qh6 25. f4 Nf6 26. Qg5 Qh3 27. Re3 Qg4+ 28.
Kh1 Bd7 29. Ne4 Qd1+ 30. Re1 Qf3+ 31. Qg2 Qxg2+ 32. Kxg2 Nxe4 33. Bxe4 Re8 34.
d5 c5 35. b3 g6 36. Bd3 Be7 37. Re2 Kf7 38. Ne3 a6 39. a4 Bf6 40. Kf3 Bd4 41.
Ng4 Rxe2 42. Bxe2 h5 43. Ne3 Kf6 44. Bd3 g5 45. fxg5+ Kxg5 46. h4+ Kxh4 47. Nf5+
Kg5 48. Nxd6 Bg4+ 49. Kg2 b6 50. a5 bxa5 51. Nb7 h4 52. Bf1 h3+ 53. Kg3 Be5+ 54.
Kf2 Kf4 55. Bxh3 Bxh3 56. Nxa5 Bg4 57. Nc6 Bd6 58. Nd8 Ke4 59. Nb7 Bf8 60. Ke1
Bc8 61. Na5 Kd3 62. Kd1 Kc3 63. Kc1 Kb4 64. Nc6+ Kxb3 65. Ne5 Bd6 66. Nf7 Bf4+ 0-1

[Event "Xtracon Chess Open 2017"]
[Site "Helsingor DEN"]
[Date "2017.07.26"]
[Round "6.17"]
[White "Dauth, Benjamin"]
[Black "Schroeder, Jan-Christian"]
[Result "1-0"]
[WhiteTitle "FM"]
[BlackTitle "GM"]
[WhiteElo "2332"]
[BlackElo "2539"]
[WhiteFideId "4688104"]
[BlackFideId "24662259"]
[EventDate "2017.07.22"]

1. e4 e5 2. Bc4 Nc6 3. Nf3 Bc5 4. c3 Nf6 5. d4 exd4 6. cxd4 Bb4+ 7. Nc3 Nxe4 8.
O-O Bxc3 9. d5 Bf6 10. Re1 Ne7 11. Rxe4 d6 12. Bg5 Bxg5 13. Nxg5 O-O 14. Nxh7
Kxh7 15. Qh5+ Kg8 16. Rh4 f5 17. Qh7+ Kf7 18. Rh6 Re8 19. Be2 Ng8 20. Rg6 1-0

[Event "Xtracon Chess Open 2017"]
[Site "Helsingor DEN"]
[Date "2017.07.26"]
[Round "6.18"]
[White "Tryggestad, Andreas Garberg"]
[Black "Kollars, Dmitrij"]
[Result "0-1"]
[WhiteTitle "FM"]
[BlackTitle "IM"]
[WhiteElo "2324"]
[BlackElo "2510"]
[WhiteFideId "1513338"]
[BlackFideId "12909572"]
[EventDate "2017.07.22"]

1. e4 e5 2. Nf3 Nc6 3. Bb5 a6 4. Bxc6 dxc6 5. O-O Bg4 6. h3 h5 7. d3 Qf6 8. Be3
g5 9. Nbd2 Qg7 10. Re1 Bc8 11. d4 g4 12. Nxe5 gxh3 13. Qf3 f6 14. Nd3 Bg4 15.
Qg3 h4 16. Qh2 hxg2 17. f3 Bh5 18. Qxg2 Qd7 19. Nf4 Bf7 20. Qh3 Qxh3 21. Nxh3
O-O-O 22. Kf2 Bd6 23. Rh1 Ne7 24. f4 Ng8 25. Ng1 f5 26. Ngf3 Nf6 27. Rxh4 fxe4
28. Rxh8 Rxh8 29. Ng5 Ng4+ 30. Kg3 Nxe3 31. Nxf7 Rg8+ 32. Kh4 Ng2+ 0-1

[Event "Xtracon Chess Open 2017"]
[Site "Helsingor DEN"]
[Date "2017.07.26"]
[Round "6.19"]
[White "Hector, Jonny"]
[Black "Gajic, Mladen"]
[Result "1-0"]
[WhiteTitle "GM"]
[BlackTitle "FM"]
[WhiteElo "2497"]
[BlackElo "2300"]
[WhiteFideId "1700090"]
[BlackFideId "1709178"]
[EventDate "2017.07.22"]

1. e4 Nf6 2. e5 Nd5 3. d4 d6 4. Nf3 dxe5 5. Nxe5 c6 6. Be2 Bf5 7. O-O Nd7 8. Nf3
e6 9. c4 N5f6 10. Bf4 Be7 11. Nc3 Ne4 12. d5 Nxc3 13. bxc3 c5 14. Bd3 O-O 15.
Bxf5 exf5 16. d6 Bf6 17. Qd5 g5 18. Be3 f4 19. Bxc5 Nxc5 20. Qxc5 Rc8 21. Qd5
Rc6 22. Rad1 h6 23. Ne5 Bxe5 24. Qxe5 Re8 25. Qd4 Qd7 26. c5 b6 27. cxb6 axb6
28. Rd3 Re2 29. Qa4 Re5 30. Rfd1 b5 31. Qa8+ Re8 32. Qa3 Rc4 33. h3 Re6 34. Rd4
Rc8 35. Qb4 Ra8 36. Rd5 Rxa2 37. Rxb5 Qa7 38. Rb6 Ra1 39. Rb8+ Kg7 40. Rxa1
Qxa1+ 41. Kh2 Re1 42. Qd4+ f6 43. g3 fxg3+ 44. Kxg3 h5 45. d7 Rg1+ 46. Kf3 g4+
47. hxg4 hxg4+ 48. Kf4 Qa5 49. Rg8+ Kh7 50. Qd3+ 1-0

[Event "Xtracon Chess Open 2017"]
[Site "Helsingor DEN"]
[Date "2017.07.26"]
[Round "6.20"]
[White "Dishman, Stephen"]
[Black "Percivaldi, Martin"]
[Result "1-0"]
[BlackTitle "IM"]
[WhiteElo "2313"]
[BlackElo "2433"]
[WhiteFideId "403024"]
[BlackFideId "1508148"]
[EventDate "2017.07.22"]

1. d4 d5 2. Bf4 Nf6 3. e3 c5 4. c3 Nc6 5. Nd2 g6 6. Ngf3 Nh5 7. Bg5 h6 8. Bh4
Qb6 9. Qb3 c4 10. Qc2 Bf5 11. Qc1 g5 12. Bg3 Nxg3 13. hxg3 Bg7 14. b3 cxb3 15.
axb3 Rc8 16. Qb2 O-O 17. Be2 e5 18. O-O Rfe8 19. Rfe1 Bg6 20. Rac1 e4 21. Nh2 a5
22. g4 f5 23. gxf5 Bxf5 24. Ndf1 Rf8 25. Ng3 Be6 26. Qa3 Qc7 27. c4 Qf7 28. Rf1
Nxd4 29. Bh5 Qc7 30. cxd5 Nc2 31. Rxc2 Qxc2 32. dxe6 Bb2 33. Qxa5 Rc5 34. Qb4
Bf6 35. Nxe4 Be7 36. Nxc5 Bxc5 37. Qc4 1-0

[Event "Xtracon Chess Open 2017"]
[Site "Helsingor DEN"]
[Date "2017.07.26"]
[Round "6.21"]
[White "Wadsworth, Matthew J"]
[Black "Jepson, Christian"]
[Result "1-0"]
[WhiteTitle "FM"]
[BlackTitle "IM"]
[WhiteElo "2298"]
[BlackElo "2421"]
[WhiteFideId "415804"]
[BlackFideId "1701185"]
[EventDate "2017.07.22"]

1. c4 e6 2. g3 d5 3. Bg2 g6 4. Nf3 Bg7 5. O-O Ne7 6. d4 Nbc6 7. cxd5 exd5 8. Nc3
O-O 9. b3 Nf5 10. e3 Nce7 11. Ba3 Re8 12. Rc1 c6 13. Re1 Nd6 14. Nd2 Nef5 15.
Na4 h5 16. Nc5 h4 17. Bb2 Rb8 18. Nf1 Nh6 19. a4 Bf5 20. f3 hxg3 21. hxg3 Qg5
22. e4 dxe4 23. fxe4 Bg4 24. Qd2 Qh5 25. Qf4 Red8 26. Nh2 b6 27. Na6 Rbc8 28. e5
g5 29. Qf2 Nb7 30. Nb4 Na5 31. Nxc6 Nxc6 32. Bxc6 Be6 33. b4 Bf8 34. b5 Rxc6 35.
bxc6 Bd5 36. c7 Rc8 37. Re3 Bb4 38. Qe2 Qh3 39. g4 Qh4 40. Qf2 Qxf2+ 41. Kxf2
Bd2 42. Rec3 f6 43. exf6 Kf7 44. R1c2 Bf4 45. Kg1 Kxf6 46. Bc1 Bd6 47. Nf3 Nxg4
48. Bxg5+ Ke6 49. Bd8 Kd7 50. Rg2 Nh6 51. Rg7+ Nf7 52. Ng5 Ke8 53. Nxf7 Bxf7 54.
Rh3 Bxc7 55. Rh8+ 1-0

[Event "Xtracon Chess Open 2017"]
[Site "Helsingor DEN"]
[Date "2017.07.26"]
[Round "6.22"]
[White "Zude, Erik"]
[Black "Ranaldi, Lucas"]
[Result "1/2-1/2"]
[WhiteTitle "IM"]
[BlackTitle "FM"]
[WhiteElo "2421"]
[BlackElo "2269"]
[WhiteFideId "4604644"]
[BlackFideId "1519484"]
[EventDate "2017.07.22"]

1. c4 c5 2. g3 g6 3. Bg2 Bg7 4. Nc3 Nc6 5. Nf3 e6 6. d4 cxd4 7. Nb5 d5 8. cxd5
Qa5+ 9. Nd2 Qxb5 10. dxc6 Ne7 11. a4 Qb6 12. Nc4 Qb4+ 13. Bd2 Qxc4 14. cxb7 Bxb7
15. Bxb7 Rb8 16. Rc1 Qa2 17. Ba6 O-O 18. b4 Qa3 19. Ra1 Qb2 20. Rb1 Qa2 21. Qb3
Qxb3 22. Rxb3 Nd5 23. e3 dxe3 24. fxe3 Nb6 25. Ra3 Nd5 26. Rb3 Nb6 27. Ke2 Nxa4
28. Rc1 Be5 29. Ra3 Nb6 30. Ra5 Bd6 31. Rc6 Rbd8 32. e4 Bb8 1/2-1/2

[Event "Xtracon Chess Open 2017"]
[Site "Helsingor DEN"]
[Date "2017.07.26"]
[Round "6.23"]
[White "Taylor, Adam C"]
[Black "Das, Arghyadip"]
[Result "1/2-1/2"]
[WhiteTitle "FM"]
[BlackTitle "IM"]
[WhiteElo "2265"]
[BlackElo "2416"]
[WhiteFideId "424668"]
[BlackFideId "5003610"]
[EventDate "2017.07.22"]

1. Nf3 c5 2. c4 Nc6 3. g3 e5 4. Nc3 g6 5. a3 Bg7 6. b4 e4 7. Nh4 d6 8. Bb2 f5 9.
Ng2 Nf6 10. Nd5 O-O 11. Ngf4 cxb4 12. axb4 Nxd5 13. Bxg7 Kxg7 14. Nxd5 Be6 15.
Rb1 Ne5 16. Bg2 Bxd5 17. cxd5 Qb6 18. O-O Rac8 19. Qb3 Rc4 20. Rfc1 Rfc8 21.
Rxc4 Rxc4 22. e3 a5 23. bxa5 Rc1+ 24. Bf1 Rxb1 25. Qxb6 Rxb6 26. axb6 Nd7 27. d3
exd3 28. Bxd3 Nxb6 29. e4 Kf6 30. f4 Na4 31. Kf2 Nc5 32. Ke3 Nxd3 33. Kxd3 h5
34. Kd4 fxe4 35. Kxe4 g5 36. h3 b6 37. fxg5+ Kxg5 38. Kd4 Kf5 39. Kc4 Ke5 40. g4
hxg4 41. hxg4 b5+ 42. Kxb5 1/2-1/2

[Event "Xtracon Chess Open 2017"]
[Site "Helsingor DEN"]
[Date "2017.07.26"]
[Round "6.24"]
[White "Getz, Nicolai"]
[Black "Halfhide, Sebastian"]
[Result "1/2-1/2"]
[WhiteTitle "IM"]
[WhiteElo "2415"]
[BlackElo "2253"]
[WhiteFideId "1505572"]
[BlackFideId "1045946"]
[EventDate "2017.07.22"]

1. f4 c5 2. Nf3 Nc6 3. g3 g6 4. Bg2 Bg7 5. O-O Nf6 6. c4 O-O 7. Nc3 a6 8. a3 Rb8
9. e4 d6 10. d3 b5 11. cxb5 axb5 12. h3 b4 13. Ne2 bxa3 14. Rxa3 Ne8 15. d4 cxd4
16. Nfxd4 Nxd4 17. Nxd4 Qb6 18. Be3 Qxb2 19. Qd3 Bd7 20. Ra7 Rb7 21. Rxb7 Qxb7
22. e5 Qb8 23. Rb1 Qc8 24. Rc1 Qb8 25. Rb1 Qc8 26. Rc1 Qd8 27. Nc6 Bxc6 28. Rxc6
Qa5 29. Kh2 dxe5 30. Rc5 Qa1 31. Rc1 Qb2 32. Rb1 Qa2 33. Rb7 Qe6 34. Bd5 Qf6 35.
fxe5 Qxe5 36. Bf4 Qe1 37. Bd2 Qf2+ 38. Bg2 Bd4 39. Rb1 Be5 40. Bh6 Ng7 41. Rf1
Qd4 42. Qb3 Qc3 43. Qxc3 Bxc3 44. g4 Rd8 45. Rc1 Be5+ 46. Kg1 Ne6 47. Re1 Bc3
48. Re2 Bf6 49. Bd2 Nd4 50. Re4 Ne6 51. Re2 Kf8 52. Bh6+ Bg7 53. Bd2 Nd4 54. Re1
Nf3+ 55. Bxf3 Rxd2 56. Rd1 Bd4+ 57. Kh1 Rf2 58. Bg2 e5 59. Rf1 Rd2 60. Be4 Be3
61. Rf3 Bf4 62. Kg1 Kg7 63. Kf1 Rd4 64. Bc2 Rc4 65. Bb3 Rc1+ 66. Kg2 Rb1 67. Bd5
Rb5 68. Bc4 Rc5 69. Bb3 Kf6 70. Rd3 Rc7 71. Kf3 Kg5 72. Bd5 Kh4 73. Kg2 Rc2+ 74.
Kf1 Bg3 75. Rf3 Rc7 76. Rxf7 Rxf7+ 77. Bxf7 Kxh3 78. g5 Kg4 79. Bg8 Kxg5 80.
Bxh7 e4 81. Bg8 Kf4 82. Bf7 g5 83. Be8 g4 84. Bf7 Kf3 85. Be8 Bf4 86. Bf7 Ke3
87. Be6 Kf3 88. Bf7 e3 89. Bd5+ Kg3 90. Bc6 Kh2 91. Bd5 1/2-1/2

[Event "Xtracon Chess Open 2017"]
[Site "Helsingor DEN"]
[Date "2017.07.26"]
[Round "6.25"]
[White "Chittka, Julius"]
[Black "Colpe, Malte"]
[Result "1/2-1/2"]
[WhiteElo "2137"]
[BlackElo "2412"]
[WhiteFideId "12954772"]
[BlackFideId "24623075"]
[EventDate "2017.07.22"]

1. d4 Nf6 2. c4 g6 3. Nc3 Bg7 4. e4 d6 5. Nf3 O-O 6. Be2 Nbd7 7. O-O e5 8. Be3
Qe7 9. Qc2 c6 10. d5 Ng4 11. Bg5 f6 12. Bh4 h5 13. Ne1 Nh6 14. f3 c5 15. a3 g5
16. Bf2 f5 17. b4 f4 18. bxc5 Nxc5 19. Nd3 b6 20. a4 g4 21. a5 Bd7 22. Rfb1 Qg5
23. Kh1 h4 24. Bf1 h3 25. Bg1 Qh5 26. gxh3 gxf3 27. axb6 axb6 28. Rxa8 Rxa8 29.
Nf2 Ra6 30. Na2 Qe8 31. Nb4 Ra3 32. Nbd3 Qd8 33. Qd1 Nf7 34. Qxf3 Ng5 35. Qe2
Na4 36. Re1 Rc3 37. Rc1 Rxc1 38. Nxc1 Qf6 39. Qh5 Nc5 40. Bd3 Qh6 41. Qxh6 Bxh6
42. Ng4 Bg7 43. Bxc5 bxc5 44. Kg2 Kf7 45. Nf2 Bf6 46. Be2 Nh7 47. Bg4 Ba4 48.
Bd1 Bxd1 49. Nxd1 Bh4 50. Kf3 Kg6 51. Kg4 Be1 52. Nd3 Bd2 53. N1f2 Be3 54. Kf3
Kh5 55. Ng4 Bd4 56. Nxf4+ exf4 57. Kxf4 Kg6 58. e5 dxe5+ 59. Nxe5+ Kf6 60. Ng4+
Kf7 61. Kf5 Nf8 62. Ne5+ Ke8 63. h4 Be3 64. h5 Bd2 65. Nf3 Be3 66. Ne5 Bd2 67.
Nf3 Be3 1/2-1/2

[Event "Xtracon Chess Open 2017"]
[Site "Helsingor DEN"]
[Date "2017.07.26"]
[Round "6.26"]
[White "Sukandar, Irine Kharisma"]
[Black "Jacobsen, Mikkel Manosri"]
[Result "1-0"]
[WhiteTitle "IM"]
[BlackTitle "FM"]
[WhiteElo "2409"]
[BlackElo "2247"]
[WhiteFideId "7101937"]
[BlackFideId "1444514"]
[EventDate "2017.07.22"]

1. d4 d5 2. Bf4 Nf6 3. e3 c5 4. c3 Nc6 5. Nd2 g6 6. dxc5 e5 7. Bg5 Bxc5 8. Ne4
dxe4 9. Qxd8+ Nxd8 10. Bxf6 O-O 11. Bxe5 Nc6 12. Bd4 Nxd4 13. exd4 Bd6 14. Bc4
Bd7 15. Ne2 Rac8 16. Bd5 Bb5 17. a4 Ba6 18. Kd2 Rfe8 19. Rhe1 Bxh2 20. g3 e3+
21. fxe3 Bxe2 22. Rxe2 Bxg3 23. Rg2 Bh4 24. Rh1 Bd8 25. Rgh2 h5 26. Rg2 Kg7 27.
Rxh5 a6 28. Rh3 b5 29. axb5 axb5 30. Rgh2 Re7 31. Rh7+ Kf8 32. Rh8+ Kg7 33.
R2h7+ Kf6 34. Rf8 Rd7 35. Rhxf7+ Rxf7 36. Rxf7+ Kg5 37. Rf8 1-0

[Event "Xtracon Chess Open 2017"]
[Site "Helsingor DEN"]
[Date "2017.07.26"]
[Round "6.27"]
[White "Malmstig, Erik"]
[Black "Martinovic, Sasa"]
[Result "0-1"]
[WhiteTitle "FM"]
[BlackTitle "GM"]
[WhiteElo "2266"]
[BlackElo "2570"]
[WhiteFideId "1702866"]
[BlackFideId "14509792"]
[EventDate "2017.07.22"]

1. d4 Nf6 2. c4 g6 3. Nc3 Bg7 4. Nf3 O-O 5. g3 d6 6. Bg2 Nbd7 7. O-O e5 8. e4
exd4 9. Nxd4 Nc5 10. h3 Re8 11. Re1 a5 12. Nb3 Nfd7 13. Be3 a4 14. Nxc5 Nxc5 15.
Bd4 c6 16. Qd2 Be6 17. Rad1 Qb6 18. Bxg7 Kxg7 19. Qd4+ f6 20. Ne2 Bf7 21. g4 h6
22. Ng3 Red8 23. Bf1 Qa5 24. Qe3 Rd7 25. f4 Re8 26. g5 fxg5 27. fxg5 h5 28. Qf4
Kg8 29. h4 Rf8 30. Qf6 Be8 31. Qd4 Ne6 32. Qe3 Rdf7 33. Bg2 Qe5 34. Rd2 Rf4 35.
Qa3 Rf3 36. Qxd6 Qxg3 37. Qxe6+ Bf7 0-1

[Event "Xtracon Chess Open 2017"]
[Site "Helsingor DEN"]
[Date "2017.07.26"]
[Round "6.28"]
[White "Tan, Justin2"]
[Black "Laustsen, Lars"]
[Result "1-0"]
[WhiteTitle "IM"]
[WhiteElo "2462"]
[BlackElo "2204"]
[WhiteFideId "3206882"]
[BlackFideId "1407554"]
[EventDate "2017.07.22"]

1. d4 d5 2. Nf3 Nf6 3. c4 c6 4. e3 Bf5 5. Nc3 e6 6. Nh4 Bg6 7. Nxg6 hxg6 8. Rb1
Bb4 9. a3 Bxc3+ 10. bxc3 Qc7 11. Qb3 b6 12. g3 Nbd7 13. Bg2 Rc8 14. Qc2 dxc4 15.
O-O e5 16. a4 O-O 17. Qa2 c5 18. Rd1 cxd4 19. exd4 Rfe8 20. Bg5 exd4 21. Bf4 Qc5
22. Rxd4 Qh5 23. h3 Re2 24. Rd2 Rce8 25. Rxe2 Qxe2 26. Qxe2 Rxe2 27. Be3 Rc2 28.
Bd4 Nc5 29. Rb4 Ne6 30. Bxf6 gxf6 31. Rxc4 Nc5 32. a5 f5 33. Bd5 Rd2 34. Bc6 Nd3
35. axb6 axb6 36. Rd4 Rd1+ 37. Kg2 Ne1+ 38. Kf1 Rxd4 39. cxd4 Nc2 40. d5 Kf8 41.
d6 Nd4 42. Bd5 Ne6 43. Ke2 Ke8 44. Bc6+ Kd8 45. Ke3 Nf8 46. Kd4 Nd7 47. Bd5 Ke8
48. Bf3 Nf8 49. Bc6+ Kd8 50. Bb5 Ne6+ 51. Ke5 Ng5 52. h4 Ne4 53. Bc4 f6+ 54. Ke6
Nxf2 55. Kxf6 Ne4+ 56. Kxg6 Nxg3 57. Bb5 f4 58. h5 Nxh5 59. Kxh5 f3 60. Kg5 1-0

[Event "Xtracon Chess Open 2017"]
[Site "Helsingor DEN"]
[Date "2017.07.26"]
[Round "6.29"]
[White "Roe, Simon J"]
[Black "Goh, Wei Ming Kevin"]
[Result "0-1"]
[BlackTitle "IM"]
[WhiteElo "2253"]
[BlackElo "2446"]
[WhiteFideId "401471"]
[BlackFideId "5800706"]
[EventDate "2017.07.22"]

1. c4 e5 2. Nc3 Bb4 3. Nf3 Bxc3 4. bxc3 e4 5. Nd4 Nf6 6. g3 O-O 7. Bg2 Re8 8.
O-O c5 9. Nc2 d5 10. cxd5 Qxd5 11. d3 Bd7 12. Ne3 Qe6 13. dxe4 Nxe4 14. Nd5 Na6
15. f3 Nd6 16. e4 Bc6 17. Nf4 Qe5 18. Nd3 Qxc3 19. Bb2 Qa5 20. Ne5 Qc7 21. Qc1
Rad8 22. Ng4 Qe7 23. Ne3 f6 24. Rd1 Qe6 25. Nd5 Bxd5 26. Rxd5 Nb4 27. Rd1 Nc4
28. Bc3 Nc6 29. a4 Rxd1+ 30. Qxd1 Ne3 31. Qe2 Nxg2 32. Kxg2 Qb3 33. Qe3 b6 34.
a5 Nxa5 0-1

[Event "Xtracon Chess Open 2017"]
[Site "Helsingor DEN"]
[Date "2017.07.26"]
[Round "6.30"]
[White "Solberg, Joachim"]
[Black "Sonis, Francesco"]
[Result "1/2-1/2"]
[WhiteTitle "CM"]
[BlackTitle "IM"]
[WhiteElo "2237"]
[BlackElo "2440"]
[WhiteFideId "1502930"]
[BlackFideId "895733"]
[EventDate "2017.07.22"]

1. Nf3 Nf6 2. g3 e6 3. Bg2 d5 4. d4 Be7 5. O-O O-O 6. c4 c6 7. Qc2 b6 8. Bf4 Ba6
9. Nbd2 Nh5 10. Rfd1 Nxf4 11. gxf4 Bd6 12. e3 Nd7 13. Ne5 Bb7 14. cxd5 cxd5 15.
Rac1 f6 16. Nxd7 Qxd7 17. Nf3 Rae8 18. Kh1 Kh8 19. Rg1 Qf7 20. Bh3 Rc8 21. Qe2
Rxc1 22. Rxc1 Rg8 23. Rg1 Qe7 24. Nh4 g5 25. fxg5 Rxg5 26. f4 Rxg1+ 27. Kxg1 Bc8
28. Qh5 Kg8 29. Kf2 Bd7 30. Bg2 Bc6 31. Bh3 Kf8 32. Bf5 exf5 33. Nxf5 Qd7 34.
Qh6+ Ke8 35. Qxf6 Bf8 36. Qe5+ Kf7 37. Ng3 Qe6 38. Qc7+ Qd7 39. Qe5 Qd6 40. Qf5+
Kg8 41. Qg4+ Qg6 42. Qc8 Qe8 43. Qg4+ Qg6 44. Qc8 Qe8 45. Qg4+ Kh8 46. Qf5 Bg7
47. Nh5 Qg6 48. Qc8+ Be8 49. Ng3 Qc6 50. Qb8 a5 51. Nf5 Qc2+ 52. Kf3 Qxf5 53.
Qxe8+ Bf8 54. Qe5+ Qxe5 55. fxe5 Kg7 56. e4 dxe4+ 57. Kxe4 Kf7 58. d5 Bc5 59. a4
Ke7 60. b3 Kd7 61. Kf5 Bd4 62. Ke4 Bc3 63. h3 Ke7 64. Kf5 Bb2 65. Ke4 Ba1 66.
Kf5 Bc3 67. Ke4 Bb2 68. Kf5 Bc3 69. Ke4 Bb2 70. Kf5 1/2-1/2

[Event "Xtracon Chess Open 2017"]
[Site "Helsingor DEN"]
[Date "2017.07.26"]
[Round "6.31"]
[White "Ikeda, Junta"]
[Black "Bach, Matthias"]
[Result "1-0"]
[WhiteTitle "IM"]
[BlackTitle "FM"]
[WhiteElo "2427"]
[BlackElo "2200"]
[WhiteFideId "3204731"]
[BlackFideId "4603168"]
[EventDate "2017.07.22"]

1. c4 Nf6 2. Nf3 g6 3. g3 Bg7 4. Bg2 O-O 5. O-O d6 6. d4 Nbd7 7. Nc3 e5 8. e4
exd4 9. Nxd4 Re8 10. h3 Nc5 11. Re1 Bd7 12. Rb1 Qc8 13. Kh2 h5 14. b4 Ne6 15.
Nf3 Nh7 16. Qd3 a6 17. Nd5 b5 18. Bb2 Bxb2 19. Rxb2 Rb8 20. e5 Bc6 21. Nh4 bxc4
22. Qxc4 Bb5 23. Qc2 Nd4 24. Qxc7 Qxc7 25. Nxc7 Rxe5 26. Rd1 Ne6 27. Nxb5 Rexb5
28. Rxd6 g5 29. Ng6 Kg7 30. Ne7 Rxb4 31. Rxb4 Rxb4 32. Rxa6 Rb2 33. Nf5+ Kf6 34.
Nd6 h4 35. Kg1 Rb1+ 36. Kh2 hxg3+ 37. fxg3 g4 38. h4 Nhf8 39. Ra7 Nd8 40. Ra4
Rb2 41. a3 Ra2 42. Nb5 Nfe6 43. Rxg4 Nc6 44. Kg1 Ra1+ 45. Bf1 Ne5 46. Re4 Nf3+
47. Kg2 Nd2 48. Re2 Nb1 49. Re3 Ra2+ 50. Kh3 Rf2 51. Bd3 Rb2 52. Rf3+ Ke7 53.
Bxb1 Rxb1 54. Nc3 Ra1 55. Nd5+ Kf8 56. Nb6 Kg7 57. Kg4 Nd4 58. Rd3 Nc2 59. Nc4
Re1 60. Kf4 Rf1+ 61. Ke4 f5+ 62. Ke5 Kg6 63. Ne3 Nxe3 64. Rxe3 Kh5 65. a4 Kg4
66. Ra3 f4 67. gxf4 Rxf4 68. a5 1-0